Инвестиционные преимущества Томской области; Экономика России в XXI веке

Bibliografiske detaljer
Parent link:Экономика России в XXI веке.— 2006.— С. 183-186
Hovedforfatter: Шитова Е. С.
Sprog:russisk
Udgivet: 2006
Fag:
Format: MixedMaterials Book Chapter
KOHA link:https://koha.lib.tpu.ru/cgi-bin/koha/opac-detail.pl?biblionumber=122215

MARC

LEADER 00000naa2a2200000 4500
001 122215
005 20231031125858.0
035 |a (RuTPU)RU\TPU\book\132340 
090 |a 122215 
100 |a 20070927d2006 k y0rusy50 ca 
101 0 |a rus 
102 |a RU 
200 1 |a Инвестиционные преимущества Томской области  |f Е. С. Шитова 
463 0 |0 (RuTPU)RU\TPU\book\116890  |t Экономика России в XXI веке  |o сборник научных трудов III Всероссийской научно-практической конференции "Теоретические проблемы экономической безопасности России в XXI веке"  |f Томский политехнический университет, Инженерно-экономический факультет; под ред. Г. А. Барышевой, Л. М. Борисовой  |v С. 183-186  |d 2006  |p 340 с. 
610 1 |a Томская область 
610 1 |a инвестиции 
610 1 |a научный потенциал 
610 1 |a наука 
610 1 |a кадры 
610 1 |a образование 
610 1 |a научно-образовательные комплексы 
610 1 |a труды учёных ТПУ 
700 1 |a Шитова  |b Е. С. 
801 1 |a RU  |b 63413507  |c 20070927  |g PSBO 
801 2 |a RU  |b 63413507  |c 20130205  |g RCR 
942 |c BK